Statistiques concernant Ligue 1 2012/2013 Classement

Cliquez ici pour prendre le quiz!

Statistiques générales

  • Ce quiz a été pris 96 fois
  • Le résultat moyen est 18 sur 20

Statistiques - réponses

ClassementptsEquipes% Correct
367Lyon
100%
271Marseille
100%
183Paris
100%
662Lille
98%
755Bordeaux
94%
464Nice
94%
1346Rennes
93%
563Saint-Etienne
93%
1051Toulouse
92%
952Montpellier
89%
2029Brest
86%
853Lorient
86%
1838Nancy
86%
1740Ajaccio
85%
1247Bastia
85%
1541Sochaux
82%
1640Evian
77%
1148Valenciennes
77%
1443Reims
75%
1937Troyes
75%

Distribution des résultats

Percentile par nombre de réponses

% des personnes avec chaque résultat

Votre développement - résultats

Vous n’avez pas pris ce quiz